Export import procedure documentation and logistics / (Record no. 169)

000 -LEADER
fixed length control field 00415 a2200145 4500
008 - FIXED-LENGTH DATA ELEMENTS--GENERAL INFORMATION
fixed length control field 221025b ||||| |||| 00| 0 eng d
020 ## - INTERNATIONAL STANDARD BOOK NUMBER
International Standard Book Number 9788122418507
082 00 - DEWEY DECIMAL CLASSIFICATION NUMBER
Classification number 658.84
Item number G6596
100 ## - MAIN ENTRY--PERSONAL NAME
Personal name Gopal, C. R.
245 ## - TITLE STATEMENT
Title Export import procedure documentation and logistics /
260 ## - PUBLICATION, DISTRIBUTION, ETC. (IMPRINT)
Place of publication, distribution, etc New Delhi:
Name of publisher, distributor, etc New Age International,
Date of publication, distribution, etc 2016.
300 ## - PHYSICAL DESCRIPTION
Extent 232 p.
650 #0 - SUBJECT ADDED ENTRY--TOPICAL TERM
Topical term or geographic name as entry element Exports Management
942 ## - ADDED ENTRY ELEMENTS (KOHA)
Source of classification or shelving scheme
Item type Books
Holdings
Withdrawn status Lost status Source of classification or shelving scheme Damaged status Not for loan Permanent location Current location Date acquired Source of acquisition Total Checkouts Total Renewals Full call number Barcode Date last seen Date last borrowed Koha item type
          IMU Kolkata IMU Kolkata 2017-03-30 Jyoti, the Book People 10 7 658.84 G6596 12322 2025-05-30 2025-05-26 Books
          IMU Kolkata IMU Kolkata 2017-03-30 Jyoti, the Book People 2 2 658.84 G6596 12323 2025-03-24 2025-02-07 Books
          IMU Kolkata IMU Kolkata 2019-09-11           2019-09-11   Books
Designed and Maintained by IMU-KC Library, Kolkata Campus © Copyright All Rights Reserved

webs counters

Powered by Koha